000 00547nam a22001697a 4500
999 _c8769
_d8769
008 201214b ||||| |||| 00| 0 eng d
040 _aBMS College of Architecture
100 _aRajendran, Archanya
245 _aInvogue fashion city (A fashion headquarters)
300 _a41p.
500 _a1BM11AT084
502 _8B,Arch
_NBMS College of Architecture, Visvesvaraya Technological University (VTU)
_aProject report
_d2015
650 _aFashion Hedquarters
700 _aYogeshwari K
_eGuide
700 _aSoumya Koka
_eGuide
942 _2ddc
_cTHE